A magyar kamara futása Pozsonyból 1645-ben
Elmentve itt :
| Szerző: | |
|---|---|
| Dokumentumtípus: | Cikk |
| Megjelent: |
1900
|
| Sorozat: | Magyar gazdaságtörténelmi szemle
7 |
| Kulcsszavak: | Közgazdaságtudomány, Magyarország történelme |
| Online Access: | http://misc.bibl.u-szeged.hu/498 |
| LEADER | 00611nab a2200169 i 4500 | ||
|---|---|---|---|
| 001 | misc498 | ||
| 005 | 20191106144126.0 | ||
| 008 | 170607s1900 hu o 0|| hun d | ||
| 040 | |a SZTE Miscellanea Repozitórium |b hun | ||
| 041 | |a hun | ||
| 100 | 1 | |a Takáts Sándor | |
| 245 | 1 | 2 | |a A magyar kamara futása Pozsonyból 1645-ben |h [elektronikus dokumentum] / |c Takáts Sándor |
| 260 | |c 1900 | ||
| 300 | |a 42-43 | ||
| 490 | 0 | |a Magyar gazdaságtörténelmi szemle |v 7 | |
| 695 | |a Közgazdaságtudomány, Magyarország történelme | ||
| 856 | 4 | 0 | |u http://misc.bibl.u-szeged.hu/498/1/gazd_tort_szeml_1900_042-043.pdf |z Dokumentum-elérés |